| 000 | 00489 a2200181 4500 | ||
|---|---|---|---|
| 003 | OSt | ||
| 005 | 20180116182733.0 | ||
| 008 | 160421b xxu||||| |||| 00| 0 eng d | ||
| 020 | _a9971643685 | ||
| 040 | _c0 | ||
| 082 | _a658.15 WHI 1994 | ||
| 100 | _aNoel Whittaker Chin Yoong Kheong | ||
| 245 |
_aGetting it Together _bNoel Whittaker Chin Yoong Kheong |
||
| 260 |
_aSingapore _bHeinemann Asia _c1994 |
||
| 300 | _a167p | ||
| 500 | _aPaper cover | ||
| 942 |
_aNBS _cBK _k658.15 WHI _2ddc |
||
| 999 |
_c345120 _d345120 |
||